[Event "Ouro Preto Recanto Montanhas"]
[Site "Ouro Preto"]
[Date "2010.12.29"]
[Round "7.1"]
[White "Da Silva, Jose Carlos M"]
[Black "De Freitas, Julio Eimard"]
[Result "0-1"]
[WhiteElo "1641"]
[BlackElo "1883"]
[PlyCount "112"]
[EventDate "2010.12.26"]
[EventType "tourn"]
[EventRounds "10"]
[EventCountry "BRA"]
[SourceTitle "EXT 2022"]
[Source "ChessBase"]
[SourceDate "2021.10.06"]
[SourceVersion "1"]
[SourceVersionDate "2021.10.06"]
[SourceQuality "1"]

1. d4 d5 2. Bf4 Nf6 3. e3 c5 4. c3 Nc6 5. h3 e6 6. Nf3 Bd6 7. Bxd6 Qxd6 8. Be2 0-0 9. 0-0 b6 10. Nbd2 Bb7 11. a4 a5 12. Qc2 Rfc8 13. Rfe1 Ra7 14. Bd3 cxd4 15. exd4 Nb4 16. Qb1 Nxd3 17. Qxd3 Ne4 18. Qe3 Nxd2 19. Nxd2 Ba6 20. Qe5 Qxe5 21. Rxe5 b5 22. Nb3 bxa4 23. Nc5 Bb5 24. Nxa4 Bxa4 25. Rxa4 g6 26. Re3 Rb7 27. Rxa5 Rxb2 28. Ra7 Rb1+ 29. Kh2 Rcb8 30. Rf3 R8b7 31. Rxb7 Rxb7 32. Kg3 Kg7 33. Kf4 f6 34. Re3 Kf7 35. Re2 Rc7 36. Rc2 h5 37. g3 Rc4 38. Ke3 g5 39. Kd3 Kg6 40. Ra2 Rc6 41. Rc2 Kf5 42. f3 e5 43. Ke3 Rc4 44. g4+ Kg6 45. Kd3 Ra4 46. c4 Ra3+ 47. Rc3 dxc4+ 48. Kxc4 Ra4+ 49. Kd5 Rxd4+ 50. Ke6 hxg4 51. fxg4 e4 52. Ke7 Rd3 53. Rc6 Rf3 54. Re6 e3 55. Kf8 Rxh3 56. Re7 Rh8# 0-1